[Event "Challenge"]
[Site "http://www.queenalice.com/game.php?id=421246"]
[Date "2008.6.21"]
[Round "-"]
[White "Dream_Attack"]
[Black "Strapasson"]
[Result "0-1"]
[WhiteElo "1351"]
[BlackElo "1090"]

1. d4 e6 2. e4 Nf6 3. e5 Ne4 4. c3 d6 5. Nf3 dxe5 6. Nxe5 Qf6 7. Nf3 g6 8. h3
Nxf2 9. Kxf2 Bg7 10. Kg1 O-O 11. Bg5 Qf5 12. Bd3 Qd5 13. b3 e5 14. dxe5 Nc6 15.
c4 Qc5+ 16. Kh2 Nxe5 17. Nh4 Nxd3 18. Qxd3 Be5+ 19. g3 Bf5 20. Nxf5 Qf2# 0-1

[Event "Challenge"]
[Site "http://www.queenalice.com/game.php?id=432785"]
[Date "2008.7.13"]
[Round "-"]
[White "Dream_Attack"]
[Black "KeO"]
[Result "0-1"]
[WhiteElo "1343"]
[BlackElo "1835"]

1. e4 e5 2. d3 Bc5 3. h3 Nf6 4. Nf3 O-O 5. Be2 Nc6 6. O-O d5 7. Nc3 a6 8. a3 b5
9. b4 Bd6 10. exd5 Ne7 11. d4 e4 12. Nd2 Bf5 13. Ndb1 Nexd5 14. Nxd5 Nxd5 15. c4
bxc4 16. Bxc4 c6 17. Qe2 Bc7 18. Bxa6 Qd6 19. g3 Bxh3 20. Re1 e3 21. Bxe3 Nxe3
22. Qxe3 Rxa6 23. Kh2 Be6 24. Nc3 Raa8 25. Ne4 Qd5 26. Nc5 Qh5+ 27. Kg1 Rae8 28.
a4 Bd5 29. Qxe8 Qh1# 0-1

[Event "Challenge"]
[Site "http://www.queenalice.com/game.php?id=435996"]
[Date "2008.7.20"]
[Round "-"]
[White "RicardoFialho"]
[Black "Dream_Attack"]
[Result "1-0"]
[WhiteElo "1761"]
[BlackElo "1345"]

1. e4 e5 2. Nf3 Nc6 3. d4 d5 4. exd5 Qxd5 5. Nc3 Qd6 6. dxe5 Nxe5 7. Nxe5 Qxe5+
8. Be3 Nf6 9. h3 Be7 10. Bd3 O-O 11. Qd2 a6 12. O-O-O b5 13. Rde1 Qd6 14. Qe2 h6
15. Rd1 Qb4 16. Bd2 Qh4 17. Qxe7 Qxf2 18. Rhg1 Re8 19. Qxc7 b4 20. Nb1 Nd5 21.
Qc6 Be6 22. Rdf1 Qd4 23. Qd6 Red8 24. Qg3 a5 25. Bxh6 a4 26. Rd1 Qf6 27. Bg5 Qd4
28. Bh7+ 1-0

[Event "tournament01"]
[Site "http://www.queenalice.com/game.php?id=438535"]
[Date "2008.7.25"]
[Round "2"]
[White "Zizou"]
[Black "Dream_Attack"]
[Result "0-1"]
[WhiteElo "1378"]
[BlackElo "1402"]

1. e4 e5 2. Nf3 d6 3. Bc4 h6 4. Nc3 Nf6 5. d3 Be7 6. Nd5 Nbd7 7. Be3 O-O 8. O-O
a6 9. h3 b5 10. Bb3 a5 11. a4 b4 12. g4 Nxd5 13. exd5 Nf6 14. h4 Nxg4 15. Bd2
Nf6 16. c3 Bb7 17. d4 Bxd5 18. Bxd5 Nxd5 19. dxe5 Bxh4 20. c4 Nb6 21. Qe2 Be7
22. b3 Nd7 23. Rad1 dxe5 24. Nxe5 Nf6 25. Nc6 Qd6 26. Nxe7+ Kh8 27. Bg5 Qb6 28.
Bxf6 Qxf6 29. Nd5 Qg5+ 30. Kh1 Rae8 31. Qf3 Re5 32. Rfe1 Rf5 33. Qh3 Rxf2 34.
Rf1 Re2 35. Nf4 Re4 36. Ne6 Rxe6 37. Rf5 Re3 38. Qf1 Qh4+ 39. Kg2 Qg3+ 40. Kh1
Rxb3 0-1

[Event "Challenge"]
[Site "http://www.queenalice.com/game.php?id=462637"]
[Date "2008.9.13"]
[Round "-"]
[White "rdaigle2003"]
[Black "Dream_Attack"]
[Result "1-0"]
[WhiteElo "1604"]
[BlackElo "1386"]

1. c3 d5 2. d4 e6 3. Bf4 Nf6 4. e3 Be7 5. Bd3 h6 6. Nd2 O-O 7. Ngf3 b6 8. e4
dxe4 9. Nxe4 Nbd7 10. Ne5 Nxe4 11. Bxe4 Rb8 12. Bc2 Bb7 13. Qd3 Nf6 14. g4 Bxh1
15. g5 Be4 16. Qe2 Bxc2 17. gxf6 Bxf6 18. Qxc2 c5 19. Nc6 Qd5 20. Nxb8 Qh1+ 21.
Ke2 Qxa1 22. Nd7 Rd8 23. Nxf6+ gxf6 24. Bxh6 Qxa2 25. Qd1 Qxb2+ 26. Kf1 Qxc3 27.
Qg4+ Kh7 28. Qg7# 1-0

[Event "Challenge"]
[Site "http://www.queenalice.com/game.php?id=462809"]
[Date "2008.9.14"]
[Round "-"]
[White "rdaigle2003"]
[Black "Dream_Attack"]
[Result "1-0"]
[WhiteElo "1670"]
[BlackElo "1408"]

1. d4 d5 2. Nc3 e6 3. Be3 b6 4. g3 c5 5. Qd2 c4 6. O-O-O Nf6 7. Bh3 Be7 8. Nf3
O-O 9. Ne5 b5 10. Nxb5 a6 11. Nc3 a5 12. g4 Nbd7 13. g5 Ne4 14. Bg2 Nxd2 15.
Rxd2 Bxg5 16. Nc6 Qf6 17. Rf1 Qg6 18. h4 Bxh4 19. Rg1 Nf6 20. Ne7+ Kh8 21. Nxg6+
fxg6 22. Bh3 Nh5 23. Rg2 a4 24. Nb5 Bd7 25. Nc7 Ra7 26. Nxe6 Bxe6 27. Bxe6 a3
28. b3 c3 29. Rd3 Rc7 30. Bxd5 Nf6 31. Bf3 Ne8 32. d5 Nd6 33. Bd4 Rff7 34. Bxc3
Nb5 35. Bb4 Rf6 36. Rg4 Bxf2 37. Re4 Rc8 38. d6 Rd8 39. Re7 Bh4 40. Rb7 Bg5+ 41.
Kd1 Nxd6 42. Bxa3 Rf4 43. Bxd6 Rh4 44. Bc7 Re8 45. a4 h6 46. c4 Kh7 47. a5 Ra8
48. Bb6 Bf6 49. Rxg7+ Bxg7 50. Bxa8 Rf4 51. a6 Rf8 52. Bb7 Rf7 53. c5 h5 54. c6
Rf6 55. a7 1-0

[Event "AUTO-BEG-221"]
[Site "http://www.queenalice.com/game.php?id=497519"]
[Date "2008.11.23"]
[Round "2"]
[White "Dream_Attack"]
[Black "Don_Mutreta"]
[Result "0-1"]
[WhiteElo "1440"]
[BlackElo "1742"]

1. Nf3 d5 2. d4 Nc6 3. Be3 Nf6 4. c3 e6 5. g3 Bd6 6. Bg2 e5 7. dxe5 Nxe5 8. Nbd2
O-O 9. O-O Nxf3+ 10. Nxf3 c5 11. a3 b5 12. b4 cxb4 13. cxb4 a5 14. Nd4 Bd7 15.
bxa5 Rxa5 16. Bc1 Be5 17. Bb2 Ra4 18. e3 b4 19. axb4 Rxb4 20. Bc3 Rc4 21. Ba5
Qc8 22. Bf3 Bg4 23. Bb6 Bxf3 24. Rb1 Bxd1 0-1

[Event "AUTO-BEG-221"]
[Site "http://www.queenalice.com/game.php?id=497520"]
[Date "2008.11.23"]
[Round "2"]
[White "Don_Mutreta"]
[Black "Dream_Attack"]
[Result "1-0"]
[WhiteElo "1746"]
[BlackElo "1436"]

1. e4 e5 2. Nf3 Nc6 3. Nc3 Bc5 4. Bc4 h6 5. O-O Nf6 6. a3 O-O 7. b4 Bd6 8. Bb2
a6 9. Nd5 Nxe4 10. d3 Nf6 11. Re1 b5 12. Bb3 Bb7 13. Nxf6+ Qxf6 14. c4 bxc4 15.
dxc4 Ne7 16. c5 Bxc5 17. bxc5 d6 18. cxd6 cxd6 19. Nd2 a5 20. a4 Nf5 21. Nc4 Nh4
22. f3 Qg6 23. Ne3 e4 24. f4 Rad8 25. Re2 Ba6 26. Bc4 Bc8 27. Qe1 Be6 28. Qxh4
d5 29. Bb5 d4 30. Nc4 d3 31. Rd2 Bd5 32. Ne3 Bb3 33. f5 Qd6 34. Qxe4 f6 35. Rxd3
Qb4 36. Qxb4 axb4 37. Rxb3 Rf7 38. Rxb4 Re7 39. Ng4 Re5 40. Nxe5 1-0

[Event "Challenge"]
[Site "http://www.queenalice.com/game.php?id=524872"]
[Date "2009.1.18"]
[Round "-"]
[White "claudiocaire"]
[Black "Dream_Attack"]
[Result "1-0"]
[WhiteElo "1548"]
[BlackElo "1449"]

1. e4 e5 2. Qh5 Nf6 3. Qxe5+ Be7 4. Qg5 O-O 5. d4 Nxe4 6. Qg4 d5 7. Qe2 h6 8. c4
c6 9. cxd5 cxd5 10. Nf3 b6 11. Ne5 Ba6 12. Qg4 Bxf1 13. Bxh6 Bg5 14. Bxg5 Nxg5
15. Rxf1 Nh7 16. Nc3 Nf6 17. Qf3 Qe7 18. Nxd5 Nxd5 19. Qxd5 Qb4+ 20. Kd1 Na6 21.
Nxf7 Qxb2 22. Rc1 Nb4 23. Qc4 Nxa2 24. Rc2 Qa3 25. Rxa2 Qe7 26. Nh6+ Kh7 27. Re1
Qg5 28. Nf7 Qh5+ 29. f3 Rxf7 30. g4 Qg6 31. h4 Rxf3 32. Re6 Qxg4 33. Kd2 Qxh4
34. Qd5 Qh2+ 35. Re2 Qh6+ 36. Kd1 Rf1+ 37. Re1 Raf8 38. Rxf1 Rxf1+ 39. Ke2 Rh1
40. Rxa7 Rh2+ 41. Kd3 Rh3+ 42. Kc4 Qc1+ 43. Kb5 Qb1+ 44. Ka6 Rh6 45. Qe5 b5+ 46.
Kb7 b4 47. Ka8 Qh1+ 48. Rb7 Rb6 49. Qxg7# 1-0

[Event "Challenge"]
[Site "http://www.queenalice.com/game.php?id=554873"]
[Date "2009.3.12"]
[Round "-"]
[White "claudiocaire"]
[Black "Dream_Attack"]
[Result "0-1"]
[WhiteElo "1621"]
[BlackElo "1427"]

1. e4 e5 2. Qf3 Nf6 3. Bc4 d6 4. h3 h6 5. g4 g5 6. h4 Bxg4 7. Qb3 Bh5 8. Qxb7
Nbd7 9. Nc3 Be7 10. Nd5 Nxd5 11. Bxd5 Rb8 12. Qxa7 gxh4 13. Qe3 Bg5 14. Qh3 O-O
15. Nf3 Bf6 16. d3 Rc8 17. Bxh6 Bg7 18. Qg2 Qf6 19. Rg1 Bg6 20. Bxg7 Kxg7 21.
Nxh4 Qxh4 22. Rh1 Qf4 23. a4 c6 24. Bc4 Nb6 25. Ba6 Rb8 26. Rg1 c5 27. Bc4 Nxc4
28. dxc4 Rxb2 29. f3 Qe3+ 30. Kf1 Qd4 31. a5 Qxc4+ 32. Qe2 Qc3 33. Rc1 Qxa5 34.
Kg2 Qd8 35. Rb1 Qg5+ 36. Kf1 Rxb1+ 37. Qe1 Rxe1+ 38. Kxe1 Qxg1+ 39. Kd2 Qf2+ 40.
Kc3 Qxf3+ 41. Kc4 Qxe4+ 42. Kb5 Qxc2 43. Kc6 Qd2 44. Kd7 f6 45. Ke6 Qd3 46. Ke7
Re8+ 47. Kd7 Qb5+ 48. Kc7 Qb8+ 49. Kc6 Be4+ 50. Kd7 Qd8# 0-1

[Event "0 x 1 "]
[Site "http://www.queenalice.com/game.php?id=570451"]
[Date "2009.4.11"]
[Round "-"]
[White "claudiocaire"]
[Black "Dream_Attack"]
[Result "0-1"]
[WhiteElo "1569"]
[BlackElo "1451"]

1. e4 e5 2. Qf3 Nf6 3. Bc4 c6 4. g4 d5 5. exd5 Bxg4 6. Qb3 cxd5 7. Qxb7 Nbd7 8.
Be2 Nc5 9. Qb5+ Ncd7 10. Bxg4 Nxg4 11. Qxd5 Bc5 12. Nh3 O-O 13. Rg1 Ngf6 14. Qg2
g6 15. c3 e4 16. Nf4 Qe7 17. Na3 Ne5 18. d4 Nd3+ 19. Nxd3 exd3+ 20. Be3 Bd6 21.
O-O-O Bxa3 22. bxa3 Qxa3+ 23. Kd2 Qxa2+ 24. Kxd3 Rab8 25. Rd2 Qa6+ 26. Kc2 Rfe8
27. Bh6 Ne4 28. Rdd1 Qe2+ 29. Rd2 Nxd2 30. Bxd2 Qb5 31. h4 h5 32. Qf3 Re2 33.
Re1 Rbe8 34. Rxe2 Rxe2 35. Kd1 Re8 36. Bh6 Qf1+ 37. Kd2 Qe1+ 38. Kc2 Re2+ 39.
Kd3 Rxf2 40. Qa8+ Kh7 41. Qe4 Qf1+ 42. Ke3 Re2+ 43. Kd3 Rxe4+ 44. Kxe4 Kxh6 45.
d5 Qf5+ 46. Kd4 a5 0-1

[Event "Challenge"]
[Site "http://www.queenalice.com/game.php?id=583087"]
[Date "2009.5.4"]
[Round "-"]
[White "Nica_Pinica"]
[Black "Dream_Attack"]
[Result "0-1"]
[WhiteElo "1384"]
[BlackElo "1472"]

1. d4 Nf6 2. Nf3 d5 3. Nc3 e6 4. Bf4 a6 5. Qd3 b5 6. O-O-O b4 7. Na4 Bd7 8. Nc5
Bb5 9. Qb3 a5 10. e3 Bc6 11. Ne5 Be7 12. Be2 O-O 13. h4 Qe8 14. a3 Bb5 15. Bf3
Ne4 16. axb4 Nxf2 17. bxa5 Nxh1 18. Rxh1 Rxa5 19. Qb4 Ra1+ 20. Kd2 Rxh1 21. Qa5
Bxh4 22. Qa7 Be1+ 23. Kd1 Bc3# 0-1

[Event "Challenge"]
[Site "http://www.queenalice.com/game.php?id=583773"]
[Date "2009.5.6"]
[Round "-"]
[White "david_kasparov"]
[Black "Dream_Attack"]
[Result "1-0"]
[WhiteElo "1527"]
[BlackElo "1484"]

1. e4 e5 2. Nf3 Nc6 3. Be2 Nf6 4. Nc3 Be7 5. O-O O-O 6. d4 Nxd4 7. Nxd4 exd4 8.
Qxd4 c5 9. Qd1 d6 10. h3 h6 11. Nd5 Nxe4 12. Nxe7+ Qxe7 13. Bf3 Nf6 14. Re1 Qd8
15. Be3 b6 16. Bxa8 d5 17. Qf3 Ba6 18. Bc6 d4 19. Bf4 d3 20. cxd3 Bxd3 21. Rad1
c4 22. Qg3 Kh8 23. Bb5 Qd4 24. Be5 Qd8 25. Bxc4 1-0

[Event "Challenge"]
[Site "http://www.queenalice.com/game.php?id=609192"]
[Date "2009.6.26"]
[Round "-"]
[White "rdaigle2003"]
[Black "Dream_Attack"]
[Result "0-1"]
[WhiteElo "1726"]
[BlackElo "1472"]

1. e4 e5 2. Nf3 d6 3. Nc3 Nf6 4. d3 Be7 5. Bg5 h6 6. Bd2 O-O 7. Be2 a6 8. O-O b5
9. Nd5 Nxd5 10. exd5 Nd7 11. c4 Nf6 12. a4 bxc4 13. dxc4 e4 14. Nd4 Qd7 15. Qb3
a5 16. Qg3 g5 17. h4 g4 18. Bxh6 Re8 19. Qf4 Bf8 20. Qg5+ Kh7 21. f3 Bxh6 22.
Qxf6 Be3+ 23. Kh1 Bxd4 24. Qxd4 exf3 25. Qd3+ f5 26. gxf3 gxf3 27. Qxf3 Rb8 28.
Rg1 Qf7 29. Rab1 Rg8 30. Rxg8 Kxg8 31. Qe3 f4 32. Qa7 Rb3 33. Qxa5 Rh3+ 34. Kg2
Qg7+ 35. Kf2 Qg3+ 36. Kf1 Rh1# 0-1

[Event "Challenge"]
[Site "http://www.queenalice.com/game.php?id=609193"]
[Date "2009.6.26"]
[Round "-"]
[White "Gesundheitengefangnis"]
[Black "Dream_Attack"]
[Result "0-1"]
[WhiteElo "1543"]
[BlackElo "1508"]

1. e4 e5 2. Nf3 d6 3. Bc4 h6 4. d4 exd4 5. Qxd4 Nf6 6. e5 Nc6 7. Qf4 dxe5 8. Qe3
e4 9. O-O Be7 10. Nc3 exf3 11. Qxf3 Nd4 12. Qd3 Bf5 13. Qd2 O-O 14. Nb5 c5 15.
Qf4 Be6 16. Nc7 Bxc4 17. Re1 Rc8 18. c3 Nc2 19. Rf1 Bxf1 20. Rb1 Bd3 21. g4 Rxc7
22. Be3 Nxe3 23. Re1 Ned5 0-1

[Event "Let's Play Chess!"]
[Site "http://www.queenalice.com/game.php?id=621140"]
[Date "2009.7.18"]
[Round "-"]
[White "Dream_Attack"]
[Black "elche"]
[Result "0-1"]
[WhiteElo "1498"]
[BlackElo "1667"]

1. e4 c5 2. e5 d5 3. c3 Nc6 4. Nf3 Qc7 5. d4 cxd4 6. cxd4 Bg4 7. Nbd2 Nxd4 8. h3
Nxf3+ 9. Nxf3 Bxf3 10. Qxf3 Qxe5+ 11. Be2 a6 12. O-O e6 13. Bf4 Qf6 14. Rad1 Ne7
15. b4 Ng6 16. Bg3 Qxf3 17. Bxf3 Bxb4 18. Rb1 Be7 19. Rxb7 O-O 20. Bh5 Bf6 21.
Bd6 Rfd8 22. Bc7 Rdc8 23. Rfb1 a5 24. a4 Nf8 25. Rb8 Nd7 26. Rxc8+ Rxc8 27. Bxa5
Nc5 28. Bd1 Nd3 29. Bd2 Bd4 30. Be3 Bxe3 31. fxe3 g6 32. a5 Ra8 33. Be2 Ne5 34.
a6 Nc4 35. Ra1 Kg7 36. e4 Ra7 37. exd5 exd5 38. Bf3 d4 39. Bd5 Ne3 40. Bb7 d3
41. Kf2 Nc4 42. Ke1 f5 43. Ra4 Nd6 44. Kd2 Nxb7 45. Kxd3 Nc5+ 0-1

[Event "Challenge"]
[Site "http://www.queenalice.com/game.php?id=624609"]
[Date "2009.7.25"]
[Round "-"]
[White "davidmassari"]
[Black "Dream_Attack"]
[Result "1-0"]
[WhiteElo "1783"]
[BlackElo "1489"]

1. e4 d5 2. exd5 Qxd5 3. Nc3 Qd8 4. d4 Nf6 5. Nf3 e6 6. Bg5 Be7 7. Bc4 a6 8. O-O
b5 9. Bd3 O-O 10. Re1 Nc6 11. Ne4 Nxd4 12. Nxf6+ Bxf6 13. Bxf6 Qxf6 14. Nxd4 e5
15. Qh5 Re8 16. Qxh7+ Kf8 17. Rad1 Bb7 18. Nf5 g6 19. Qh6+ Kg8 20. Qh4 g5 21.
Qh6 Qxh6 22. Nxh6+ Kg7 23. Ng4 e4 24. Be2 Bd5 25. Rxd5 f6 26. f3 e3 27. Rd7+ Kg6
28. Bd3+ 1-0